Revue de science financiere

Enregistré dans:
Détails bibliographiques
Format: Publication en série
Langue:français
Publié: Paris Librairie cen de droit et de jurisprudence
Tags: Ajouter un tag
Pas de tags, Soyez le premier à ajouter un tag!

MARC

LEADER 00000nas1a2200000$$$4500
001 0018534
005 20250730114821.8
041 0 |a fre 
044 |a FR 
245 1 0 |a Revue de science financiere 
264 1 |a Paris  |b Librairie cen de droit et de jurisprudence